Sports Quiz

Random Sports or NHL Quiz

NHL Locked Out Twice ('94 and '04) Quiz Stats

 Plays Quiz Updated Nov 18, 2017

Challenge
Share
Tweet
Embed
Score 0/137 Timer 12:00
0 Plays Today
1994 Team Player % Correct
NJDMartin Brodeur
73.3%
PITJaromir Jagr
66.6%
QUEJoe Sakic
63.7%
PITMario Lemieux
60.2%
DETSteve Yzerman
59.7%
NJDClaude Lemieux
59.5%
WPGTeemu Selanne
55.7%
DALMike Modano
54.6%
DETNicklas Lidstrom
54.2%
QUEMats Sundin
51.9%
PHIEric Lindros
50.8%
STLBrett Hull
49.7%
PHIMark Recchi
47%
NJDScott Niedermayer
45.5%
STLBrendan Shanahan
45.3%
BUFDominik Hasek
45.2%
FLARob Niedermayer
45.1%
CHIChris Chelios
43.8%
HFDChris Pronger
43.8%
DETSergei Fedorov
42.3%
CHIJeremy Roenick
42.3%
NJDJason Smith
41.5%
CHIEd Belfour
39.9%
LAKRob Blake
36.4%
MTLJohn LeClair
36%
TORDave Andreychuk
35.9%
NYRBrian Leetch
35.9%
LAKLuc Robitaille
35.6%
WPGKeith Tkachuk
35.1%
PHIRod Brind'Amour
34.8%
VANTrevor Linden
34.1%
DETChris Osgood
34.1%
NYRAlexei Kovalev
33.4%
QUEOwen Nolan
32.4%
EDMJason Arnott
32.4%
PITMarkus Naslund
32.2%
WASPeter Bondra
32%
STLCurtis Joseph
31.1%
DETGreg Johnson
30.4%
OTTAlexei Yashin
30.1%
EDMDoug Weight
29.4%
QUEAdam Foote
29.4%
BUFAlexander Mogilny
29.1%
CGYJoe Nieuwendyk
28.8%
NYRSergei Zubov
28.6%
NYRTony Amonte
28.1%
1994 Team Player % Correct
DETKris Draper
26.7%
LAKRobert Lang
25.9%
NJDBill Guerin
25.6%
CGYGary Roberts
25.2%
EDMScott Thornton
24.6%
WASOlaf Kolzig
24.5%
DETSlava Kozlov
22.6%
NYIPierre Turgeon
21.6%
DALDerian Hatcher
21.2%
WPGTie Domi
20.7%
EDMKirk Maltby
20.6%
NYIZigmund Palffy
20.4%
SJSRay Whitney
19.9%
DETKeith Primeau
19%
WASJason Allison
18.7%
MTLEric Desjardins
18.6%
NJDBobby Holik
17.4%
WPGAlexei Zhamnov
17%
QUEMike Ricci
17%
OTTPavol Demitra
16.5%
OTTAlexandre Daigle
16.3%
BOSGlen Murray
16.3%
HFDGeoff Sanderson
16%
PITMartin Straka
16%
FLAScott Mellanby
15.9%
TBLRoman Hamrlik
15.8%
QUEScott Young
15.5%
WPGTeppo Numminen
14.9%
VANMike Peca
14.5%
DETDarren McCarty
14.3%
NJDTommy Albelin
14.1%
BOSGlen Wesley
13.7%
HFDSean Burke
13.6%
QUEAaron Miller
13.4%
STLPetr Nedved
13.1%
MTLMathieu Schneider
13.1%
LAKAlexei Zhitnik
12.1%
NYITravis Green
11.8%
HFDMichael Nylander
11.6%
MTLDonald Brashear
10.9%
QUEJocelyn Thibault
10.9%
SJSSandis Ozolinsh
10.8%
DETAaron Ward
10.4%
BUFMatthew Barnaby
9.8%
LAKDarryl Sydor
9.8%
FLAStu Barnes
9.7%
1994 Team Player % Correct
HFDAndrew Cassels
9.4%
MTLPatrice Brisebois
9.3%
NYRTodd Marchant
9.2%
DETTim Taylor
9.2%
VANMartin Gelinas
8.9%
EDMLuke Richardson
8.7%
BUFBrad May
8.6%
TBLChris Gratton
8.5%
BUFPhilippe Boucher
8.3%
SJSMike Rathje
8.3%
DETDallas Drake
7.6%
WASSteve Konowalchuk
7.6%
BOSBryan Smolinski
7.3%
BOSJozef Stumpel
7%
QUEMartin Rucinsky
7%
QUEGarth Snow
7%
DETMike Sillinger
6.9%
VANBret Hedican
6.8%
ANASean Hill
6.8%
QUEChris Simon
6.6%
NYIDarius Kasparaitis
6.4%
CGYWes Walz
6.3%
PITShawn McEachern
6.3%
BOSMariusz Czerkawski
6.1%
DETJason York
5.8%
CHIBryan Marchment
5.6%
NYRMattias Norstrom
5.5%
CHIKeith Carney
5.5%
NYIVladimir Malakhov
5.5%
STLIan Laperriere
5.2%
DALRichard Matvichuk
5.1%
MTLLyle Odelein
5%
NYRAlexander Karpovtsev
4.8%
VANJiri Slegr
4.6%
CHIEric Weinrich
4.5%
WASJason Woolley
4.3%
MTLTurner Stevenson
4.2%
NJDJim Dowd
4.2%
WPGIgor Ulanov
4%
QUEJon Klemm
4%
EDMTyler Wright
3.7%
PHIRob DiMaio
3.5%
NJDJaroslav Modry
3.4%
NYIJamie McLennan
2.5%
SJSAndrei Nazarov
1.9%

You're not logged in!

Compare scores with friends on all Sporcle quizzes.
Join for Free
OR
Log In

You Might Also Like...

Show Comments

Extras

Top Quizzes Today


Score Distribution

Your Account Isn't Verified!

In order to create a playlist on Sporcle, you need to verify the email address you used during registration. Go to your Sporcle Settings to finish the process.

Report this User

Report this user for behavior that violates our Community Guidelines.

Details: